Wind energy basics (Record no. 88035)
[ view plain ]
| 000 -LEADER | |
|---|---|
| fixed length control field | 00658nam a22002057a 4500 |
| 005 - DATE AND TIME OF LATEST TRANSACTION | |
| control field | 20260209114238.0 |
| 008 - FIXED-LENGTH DATA ELEMENTS--GENERAL INFORMATION | |
| fixed length control field | 150206b vtu||||| |||| 00| 0 eng d |
| 020 ## - INTERNATIONAL STANDARD BOOK NUMBER | |
| International Standard Book Number | 1890132071 |
| 020 ## - INTERNATIONAL STANDARD BOOK NUMBER | |
| International Standard Book Number | 9781890132071 |
| 050 04 - LIBRARY OF CONGRESS CALL NUMBER | |
| Classification number | TJ820 |
| Item number | G57 1999 |
| 100 1# - MAIN ENTRY--PERSONAL NAME | |
| Personal name | Gipe, Paul |
| 245 10 - TITLE STATEMENT | |
| Title | Wind energy basics |
| Remainder of title | : a guide to small and micro wind systems |
| Statement of responsibility, etc | / Paul Gipe |
| 250 ## - EDITION STATEMENT | |
| Edition statement | 1a ed. |
| 260 ## - PUBLICATION, DISTRIBUTION, ETC. (IMPRINT) | |
| Place of publication, distribution, etc | White River Junction, Vermont : |
| Name of publisher, distributor, etc | Chelsea Green Publishing Company, |
| Date of publication, distribution, etc | c1999 |
| 300 ## - PHYSICAL DESCRIPTION | |
| Extent | xi, 122 p. : |
| Other physical details | il. ; |
| Dimensions | 25 cm. |
| 490 0# - SERIES STATEMENT | |
| Series statement | Real Goods solar living book |
| 500 ## - GENERAL NOTE | |
| General note | Incluye apéndices e índice |
| 650 #7 - SUBJECT ADDED ENTRY--TOPICAL TERM | |
| Source of heading or term | lemb |
| Topical term or geographic name as entry element | Energía eólica |
| 942 ## - ADDED ENTRY ELEMENTS (KOHA) | |
| Source of classification or shelving scheme | Biblioteca del Cogreso de los Estados Unidos |
| Koha item type | Libro |
| Estado de pérdida | Fuente de clasificación | Estado del daño | No para préstamo | Ubicación permanente | Ubicación actual | Apartado o colección | Fecha de adquisición | Fuente de adquisición | Edición | Área del conocimiento | Clasificación | Código de Barras | Date last seen | Número de copia | Tipo de recurso | Total Checkouts | Costo por reposición |
|---|---|---|---|---|---|---|---|---|---|---|---|---|---|---|---|---|---|
| Biblioteca del Cogreso de los Estados Unidos | Biblioteca del Posgrado en Ingeniería Eléctrica | Biblioteca del Posgrado en Ingeniería Eléctrica | General | 06/02/2015 | Unidad Académica | 1a | Ingeniería y Tecnología | TJ820 G57 1999 | PBIE000000350 | 06/02/2015 | 1 | Libro | |||||
| Biblioteca del Cogreso de los Estados Unidos | Biblioteca del Posgrado en Ingeniería Eléctrica | Biblioteca del Posgrado en Ingeniería Eléctrica | General | 04/02/2026 | Donación | 1a ed. | Ingeniería y Tecnología | TJ820 G57 c1999 | PBIE000001045 | 04/02/2026 | 2 | Libro | 1.00 |